Report of the ICES Advisory Committee on Marine Pollution, 1980.

Bibliographic Details
Corporate Author: ICES Advisory Committee on Marine Pollution
Format: Book
Language:English
Published: Copenhagen, Denmark : International Council for the Exploration of the Sea, 1981.
Series:Cooperative research report ; no. 103.
Subjects:

MARC

Tag First Indicator Second Indicator Subfields
LEADER 00000cam a2200000 a 4500
001 in00000582813
005 20151014074039.0
008 831121s1981 dk a b i00010 eng
010 |a  82203615  
019 |a 8886118 
035 |a (OCoLC)10184762 
035 |9 ACP5428AM 
039 0 |a 2  |b 3  |c 3  |d 3  |e 3 
040 |a DLC  |c DLC  |d OCL  |d CUT  |d m/c  |d TXA  |d UtOrBLW 
049 1 |a TXA2 
050 0 0 |a GC1  |b .I627 no. 103  |a GC1085 
082 0 |a 551.46 s  |a 363.7/394  |2 19 
088 |a 103 
090 |a GC1  |b .I627 no. 103 
110 2 |a ICES Advisory Committee on Marine Pollution. 
245 1 0 |a Report of the ICES Advisory Committee on Marine Pollution, 1980. 
264 1 |a Copenhagen, Denmark :  |b International Council for the Exploration of the Sea,  |c 1981. 
300 |a 24 pages :  |b illustrations ;  |c 30 cm. 
336 |a text  |b txt  |2 rdacontent 
337 |a unmediated  |b n  |2 rdamedia 
338 |a volume  |b nc  |2 rdacarrier 
490 1 |a Cooperative research report ;  |v no. 103 
504 |a Bibliography: page 24. 
650 0 |a Marine pollution. 
830 0 |a Cooperative research report ;  |v no. 103. 
999 |a MARS 
999 f f |s 30be0ad4-4a63-3fa8-8ab3-cc6580b2e01c  |i 4ee50c00-6140-3f88-9dad-5da6fac607b8  |t 0 
952 f f |p ric  |a Texas A&M University  |b Rellis Campus  |c Joint Library Facility  |d Remote Storage  |t 0  |e GC1 .I627 no. 103  |h Library of Congress classification  |i unmediated -- volume  |m A14810925063 
998 f f |a GC1 .I627 no. 103  |t 0  |l Remote Storage